书目信息 |
| 题名: |
超分子构筑调控高分子合成导论
|
|
| 作者: | 谢萍 , 张榕本 , 曹新宇 编著 | |
| 分册: | ||
| 出版信息: | 北京 化学工业出版社 2009 |
|
| 页数: | 376页 | |
| 开本: | 26cm | |
| 丛书名: | 超分子科学丛书 | |
| 单 册: | ||
| 中图分类: | TB324 | |
| 科图分类: | ||
| 主题词: | 超分子结构--高分子材料 , 超分子结构 , 高分子材料 | |
| 电子资源: | ||
| ISBN: | 978-7-122-05947-5 | |
| 000 | 01245oam2 2200313 45 | |
| 001 | 1033093156 | |
| 005 | 20100407101857.23 | |
| 010 | @a978-7-122-05947-5@b精装@dCNY68.00 | |
| 100 | @a20100401d2009 em y0chiy50 ea | |
| 101 | 0 | @achi |
| 102 | @aCN@b110000 | |
| 105 | @ay z 000yy | |
| 106 | @ar | |
| 200 | 1 | @a超分子构筑调控高分子合成导论@AChao Fen Zi Gou Zhu Tiao Kong Gao Fen Zi He Cheng Dao Lun@f谢萍,张榕本,曹新宇编著@FXie Ping, Zhang Rong Ben, Cao Xin Yu Bian Zhu |
| 210 | @a北京@c化学工业出版社@d2009 | |
| 215 | @a376页@d26cm | |
| 225 | 2 | @a超分子科学丛书 |
| 300 | @a国家科学技术学术著作出版基金资助出版 | |
| 330 | @a本书首先介绍自组装和超分子化学的基本概念;然后是超分子聚合物化学的基本原理,各种类型的超分子聚合物的构筑与合成及常用的聚合方法。最后讨论了“超分子构筑调控的逐步偶联聚合方法”的原理及其在梯形、管状及筛板状等特种结构高分子的合成和应用方面所取得的主要研究成果。 | |
| 461 | 0 | @12001 @a超分子科学丛书 |
| 606 | 0 | @a超分子结构@x高分子材料 |
| 606 | 0 | @a超分子结构 |
| 606 | 0 | @a高分子材料 |
| 690 | @aTB324@v4 | |
| 701 | 0 | @a谢萍@AXie Ping@4编著 |
| 701 | 0 | @a张榕本@AZhang Rong Ben@4编著 |
| 701 | 0 | @a曹新宇@ACao Xin Yu@4编著 |
| 801 | 0 | @aCN@bTANGWEI@c20100407 |
| 905 | @b0588342-46@dTB324@e197@f5 | |
| 超分子构筑调控高分子合成导论/谢萍,张榕本,曹新宇编著.-北京:化学工业出版社,2009 |
| 376页;26cm.-(超分子科学丛书) |
| 国家科学技术学术著作出版基金资助出版 |
| ISBN 978-7-122-05947-5(精装):CNY68.00 |
| 本书首先介绍自组装和超分子化学的基本概念;然后是超分子聚合物化学的基本原理,各种类型的超分子聚合物的构筑与合成及常用的聚合方法。最后讨论了“超分子构筑调控的逐步偶联聚合方法”的原理及其在梯形、管状及筛板状等特种结构高分子的合成和应用方面所取得的主要研究成果。 |
| ● |
| 相关链接 |
|
|
|
|
正题名:超分子构筑调控高分子合成导论
索取号:TB324/197
 
预约/预借
| 序号 | 登录号 | 条形码 | 馆藏地/架位号 | 状态 | 备注 |
| 1 | 0588342 | 205883427 | 第二样本阅览室/ [索取号:TB324/197] | 在馆 | |
| 2 | 0588343 | 205883436 | 第三借阅区/ [索取号:TB324/197] | 在馆 | |
| 3 | 0588344 | 205883445 | 第三借阅区/ [索取号:TB324/197] | 在馆 | |
| 4 | 0588345 | 205883454 | 密集书库/ [索取号:TB324/197] | 在馆 | |
| 5 | 0588346 | 205883463 | 密集书库/ [索取号:TB324/197] | 在馆 |